zpět

Detail výsledku týmu

Koupák, Neratovice

Datum a čas kvízu

18 Celkem bodů Celkový počet nahraných bodů na tomto kvízu bez doplňovacích otázek.
9. Pořadí na kvízu Konečné umístění týmu na tomto kvízu.

Zaznamenané odpovědi

# Otázka Odpověď Body Výsledky
1. Jak jste jistě mohli zaznamena... do Indie 0
2. V jednom z evropských států je... Lucembursko 0
3. V pátek byly v Paříži uděleny... Roman Polański 0
4. Akcionáři jedné mediální spole... CME, PPF 0
5. Český profesionální cyklista p... Leopold König 0
6. Peníze máme v ruce každý den,... Padělání bankovek se trestá podle zákona. 0
7. Která z těchto osobností jako... A 0
8. Celkem kolikrát je na obou str... čtyřikrát 0
9. Kolik Kč činí nominální hodnot... 200 Kč 1
10. Které z mincí o hodnotě 1 až 5... všechny 0